Normal view
MARC view
- Islam--Study and teaching, Islamic religious education, Muslims--Education
Entry Topical Term
001 - CONTROL NUMBER
- control field: 113870
003 - CONTROL NUMBER IDENTIFIER
- control field: NUST
005 - DATE AND TIME OF LATEST TRANSACTION
- control field: 20230727113405.0
008 - FIXED-LENGTH DATA ELEMENTS
- fixed length control field: 230727|| aca||aabn | a|a d
040 ## - CATALOGING SOURCE
- Original cataloging agency: NUST
- Transcribing agency: NUST
150 ## - HEADING--TOPICAL TERM
- Topical term or geographic name entry element: Islam--Study and teaching, Islamic religious education, Muslims--Education
670 ## - SOURCE DATA FOUND
- Source citation: Work cat.: (NUST)595317: Malik Muhammad Usman 113731, Sharah Hakayat e Usmani Vol-1, 2023
